000 00584nam a2200217Ia 4500
003 GCL
008 140319s9999 xx 000 0 eng d
040 _aGCL /
_cGCL
082 0 4 _aCC
_b962.031
_bH U
100 1 _aENEL, THIERRY
245 1 0 _aL'UNIVERS DE L'EGYPTE RESUSCITE PAR CHAMPOLLION /
_cENEL, THIERRY
700 1 _aHENRI, FRANCOIS - XAVIER
260 _a[S.N] :
_bEDISUD ،
_c1992
300 _a158 P
650 0 4 _aANCIENT EGYPT
650 0 4 _aHISTORY
650 0 4 _aANCIENT CAIRO
650 0 4 _aCHAMPOLLION, 1790 - 1832
650 0 4 _aEGYPT - HISTORY
942 _2ddc
_cBK
999 _c25644
_d25644